Employment and social policy: report of group of the panel of economists (Record no. 495364)

000 -LEADER
fixed length control field 00346cam a22000977a 4500
008 - FIXED-LENGTH DATA ELEMENTS--GENERAL INFORMATION
fixed length control field 180718b1959 xxu||||| |||| 00| 0 eng d
082 ## - DEWEY DECIMAL CLASSIFICATION NUMBER
Classification number R11x54 In2p
245 ## - TITLE STATEMENT
Title Employment and social policy: report of group of the panel of economists
Statement of responsibility, etc. by Planning Commission
260 ## - PUBLICATION, DISTRIBUTION, ETC.
Place of publication, distribution, etc. New Delhi
Name of publisher, distributor, etc. Planning Commission
Date of publication, distribution, etc. 1959
700 ## - ADDED ENTRY--PERSONAL NAME
Personal name India. Planning Commission
Holdings
Withdrawn status Lost status Damaged status Not for loan Permanent Location Current Location Date acquired Full call number Barcode Date last seen Price effective from Koha item type
        Indian Institute of Public Administration Indian Institute of Public Administration 2018-08-04 R11x54 In2p GG32359 2018-08-04 2018-08-04 GG

Powered by Koha